ბათუმის შოთა რუსთაველის სახელმწიფო უნივერსიტეტის ბიბლიოთეკა

ნარკვევები ჩურუქ–სუ–ზე და ბათუმზე. (ბიბ.ჩანაწერი № 40705)

000 -LEADER
fixed length control field 01118nam a2200205Ia 4500
001 - CONTROL NUMBER
control field 7341
003 - CONTROL NUMBER IDENTIFIER
control field GE_BSU
008 - FIXED-LENGTH DATA ELEMENTS--GENERAL INFORMATION
fixed length control field 181216s||||||||xx |||||||||||||| ||und||
040 ## - CATALOGING SOURCE
Transcribing agency GE_BSU
080 ## - UNIVERSAL DECIMAL CLASSIFICATION NUMBER
Universal Decimal Classification number 94(=353.1)+39(=353.1)(560)+94(479.223-25)+94(470)
100 ## - MAIN ENTRY--PERSONAL NAME
Personal name ფრენკელი ალექსანდრე
245 ## - TITLE STATEMENT
Title ნარკვევები ჩურუქ–სუ–ზე და ბათუმზე.
245 ## - TITLE STATEMENT
Statement of responsibility, etc. გამოსაცემად მოამზადა, ავტორის ბიოგრაფია, შენიშვნები, ლექსიკონი და საძიებლები დაურთო რამაზ სურმანიძემ; წიგნი თარგმნა აზიზ ახვლედიანმა; რედ.: რამაზ სურმანიძე.
250 ## - EDITION STATEMENT
Edition statement სერია: "აჭარა უცხოელთა თვალით".
260 ## - PUBLICATION, DISTRIBUTION, ETC.
Place of publication, distribution, etc. თბილისი.
260 ## - PUBLICATION, DISTRIBUTION, ETC.
Name of publisher, distributor, etc. ინოვაცია.
260 ## - PUBLICATION, DISTRIBUTION, ETC.
Date of publication, distribution, etc. 2012.
300 ## - PHYSICAL DESCRIPTION
Extent 259 გვ.; ილ.; 21 სმ.
942 ## - ADDED ENTRY ELEMENTS (KOHA)
Koha item type წიგნი
ეგზემპლარები
Withdrawn status Lost status Source of classification or shelving scheme Damaged status Not for loan Permanent Location Current Location Shelving location Date acquired Full call number Barcode Date last seen Copy number Price effective from Koha item type
          ბათუმის შოთა რუსთაველის სახელმწიფო უნივერსიტეტის მთავარი ბიბლიოთეკა ბათუმის შოთა რუსთაველის სახელმწიფო უნივერსიტეტის მთავარი ბიბლიოთეკა წიგნსაცავი 2018-12-17 94(=353.1)+39(=353.1)(560)+94(479.223-25)+94(470) ფ -91 18683 2018-12-17 18683 2018-12-17 წიგნი